[Event "Titled Tuesday intern op 23rd Apr Late"]
[Site "Chess.com INT"]
[Date "2024.04.23"]
[Round "6"]
[White "Kostiukov, Alexandr"]
[Black "D'Arruda, Ricardo D"]
[Result "1/2-1/2"]
[WhiteElo "2271"]
[BlackElo "2271"]
[PlyCount "85"]
[EventDate "2024.04.23"]
[EventType "swiss (blitz)"]
[EventRounds "11"]
[EventCountry "USA"]
[SourceTitle "CB18_2024"]
[SourceDate "2024.05.01"]
[SourceVersion "1"]
[SourceVersionDate "2024.05.01"]
[SourceQuality "2"]

1. g3 d5 2. Bg2 Nf6 3. d3 c6 4. e4 dxe4 5. dxe4 Qxd1+ 6. Kxd1 e5 7. f3 Bc5 8. Nd2 Be6 9. Bh3 Bxh3 10. Nxh3 Nbd7 11. a4 a5 12. Ke2 0-0-0 13. Nc4 b6 14. Be3 Bxe3 15. Kxe3 Kc7 16. Rhd1 h6 17. Nf2 g6 18. Nd3 Rhe8 19. c3 Re6 20. b4 axb4 21. cxb4 Ra8 22. a5 b5 23. Nd2 Rd6 24. Nb3 Rd8 25. Ke2 Ne8 26. Rdc1 f6 27. Ndc5 Nxc5 28. Rxc5 Kb7 29. Ra2 Nc7 30. Rd2 Na6 31. Rcc2 Nxb4 32. Nc5+ Ka7 33. Rxd6 Rxd6 34. Rb2 Na6 35. Nd3 Rd4 36. Ke3 Ra4 37. f4 Ra3 38. fxe5 fxe5 39. Ke2 Ra4 40. Kf3 Ra3 41. Ke2 Ra4 42. Kf3 Ra3 43. Ke2 1/2-1/2

[Event "Titled Tuesday intern op 16th Apr Early"]
[Site "Chess.com INT"]
[Date "2024.04.16"]
[Round "1"]
[White "Gokhale, Rishabh Chandrashek"]
[Black "Kostiukov, Alexandr"]
[Result "1-0"]
[WhiteElo "2079"]
[BlackElo "2271"]
[PlyCount "55"]
[EventDate "2024.04.16"]
[EventType "swiss (blitz)"]
[EventRounds "11"]
[EventCountry "USA"]
[SourceTitle "CB17_2024"]
[SourceDate "2024.04.24"]
[SourceVersion "1"]
[SourceVersionDate "2024.04.24"]
[SourceQuality "1"]

1. b3 g6 2. Bb2 Nf6 3. Nf3 Bg7 4. g3 0-0 5. Bg2 c5 6. 0-0 d5 7. d3 Nc6 8. Nbd2 d4 9. a4 Nd5 10. Nc4 Nc3 11. Bxc3 dxc3 12. e4 Nd4 13. Nxd4 cxd4 14. f4 Rb8 15. a5 Bd7 16. e5 Be6 17. Qf3 h5 18. h3 Qd7 19. Kh2 Rfd8 20. Ra4 b5 21. axb6 axb6 22. Ra6 Bd5 23. Qxd5 Qxd5 24. Bxd5 Rxd5 25. Nxb6 Rb5 26. Nc4 g5 27. fxg5 Bxe5 28. g6 1-0

[Event "Titled Tuesday intern op 16th Apr Early"]
[Site "Chess.com INT"]
[Date "2024.04.16"]
[Round "4"]
[White "Rietze, Clemens"]
[Black "Kostiukov, Alexandr"]
[Result "0-1"]
[WhiteElo "2367"]
[BlackElo "2271"]
[PlyCount "114"]
[EventDate "2024.04.16"]
[EventType "swiss (blitz)"]
[EventRounds "11"]
[EventCountry "USA"]
[SourceTitle "CB17_2024"]
[SourceDate "2024.04.24"]
[SourceVersion "1"]
[SourceVersionDate "2024.04.24"]
[SourceQuality "1"]

1. d4 g6 2. c4 Bg7 3. e4 d6 4. Nc3 e5 5. d5 f5 6. exf5 Bxf5 7. Bd3 Nf6 8. Nge2 0-0 9. Ng3 Bxd3 10. Qxd3 Nbd7 11. Bg5 Nc5 12. Qc2 a5 13. 0-0-0 Qd7 14. f3 a4 15. Kb1 a3 16. b3 Ra6 17. Bxf6 Bxf6 18. Nge4 Nxe4 19. Nxe4 Bg7 20. h4 h6 21. Nc3 e4 22. Nxe4 Qf5 23. Rd3 Raa8 24. h5 g5 25. Rhd1 Rae8 26. b4 Rxe4 27. fxe4 Qxe4 28. Rf3 Qe5 29. Rxf8+ Kxf8 30. Qb3 Qe4+ 31. Qd3 Qe5 32. Rd2 Qa1+ 33. Kc2 Qxa2+ 34. Kd1 Qa1+ 35. Ke2 a2 36. Qf5+ Kg8 37. Qe6+ Kh7 38. Kf3 Qe5 39. Qxe5 Bxe5 40. Rd1 a1Q 41. Rxa1 Bxa1 42. c5 Be5 43. c6 bxc6 44. dxc6 Bd4 45. b5 Bb6 46. Ke4 Kg7 47. Kf5 Kf7 48. g3 Bc5 49. Ke4 Kf6 50. g4 Bb6 51. Kd5 Ba5 52. Ke4 Ke6 53. Kd4 Bb6+ 54. Ke4 d5+ 55. Kd3 Ke5 56. Ke2 Kf4 57. Kd3 Kxg4 0-1

[Event "Titled Tuesday intern op 13th Feb Late"]
[Site "Chess.com INT"]
[Date "2024.02.13"]
[Round "7"]
[White "Kostiukov, Alexandr"]
[Black "Bardyk, Artem"]
[Result "0-1"]
[WhiteElo "2271"]
[BlackElo "2192"]
[PlyCount "56"]
[EventDate "2024.02.13"]
[EventType "swiss (blitz)"]
[EventRounds "11"]
[EventCountry "USA"]
[SourceTitle "CB08_2024"]
[SourceDate "2024.02.21"]
[SourceVersion "1"]
[SourceVersionDate "2024.02.21"]
[SourceQuality "1"]

1. g3 e5 2. c4 Nf6 3. Bg2 c6 4. a3 d5 5. cxd5 cxd5 6. d4 e4 7. Nc3 h6 8. Nh3 Nc6 9. 0-0 Bd6 10. f3 exf3 11. exf3 0-0 12. Nf4 Bc7 13. Be3 Re8 14. Bf2 Bxf4 15. gxf4 Bf5 16. Re1 Qd7 17. Re5 Bh3 18. Bxh3 Qxh3 19. Qf1 Qxf1+ 20. Kxf1 Nxe5 21. fxe5 Nh5 22. Nxd5 Rad8 23. Nc7 Re7 24. Nb5 a6 25. Nd6 Nf4 26. Rc1 f6 27. Nf5 Rf7 28. Bg3 fxe5 0-1

[Event "Titled Tuesday intern op 13th Feb Early"]
[Site "Chess.com INT"]
[Date "2024.02.13"]
[Round "2"]
[White "Kostiukov, Alexandr"]
[Black "Salman, Ilhan Serhat"]
[Result "0-1"]
[WhiteElo "2271"]
[BlackElo "2092"]
[PlyCount "106"]
[EventDate "2024.02.13"]
[EventType "swiss (blitz)"]
[EventRounds "11"]
[EventCountry "USA"]
[SourceTitle "CB08_2024"]
[SourceDate "2024.02.21"]
[SourceVersion "1"]
[SourceVersionDate "2024.02.21"]
[SourceQuality "1"]

1. g3 h5 2. h4 g6 3. c4 Bg7 4. Bg2 c6 5. Nf3 d5 6. 0-0 dxc4 7. Qc2 Nf6 8. Qxc4 0-0 9. d4 Nbd7 10. Nc3 Nb6 11. Qb3 Bg4 12. Ne5 Qxd4 13. Nxg4 Nxg4 14. Bg5 Bf6 15. Rad1 Qc4 16. Bc1 Qxb3 17. axb3 Rfd8 18. Ne4 Bd4 19. e3 Bf6 20. Nc5 Rab8 21. Rxd8+ Rxd8 22. Nxb7 Rd3 23. Nc5 Rd8 24. Bf3 Ne5 25. Be2 Rd5 26. Ne4 Nd3 27. Nxf6+ exf6 28. Bf3 Rb5 29. Rd1 Rxb3 30. Bxc6 Nxc1 31. Rxc1 Rxb2 32. Ra1 Rc2 33. Bb7 Rc7 34. Rxa7 Kg7 35. e4 Nd7 36. f4 Nc5 37. e5 fxe5 38. fxe5 Nxb7 39. Kh2 Rd7 40. Kh3 Nc5 41. Ra5 Ne6 42. Ra3 Rd5 43. Re3 Rd4 44. Kg2 Rg4 45. Kh3 Kf8 46. Kg2 Ng7 47. Kh3 Nf5 48. Ra3 Ke7 49. Ra7+ Ke6 50. Ra6+ Kxe5 51. Ra5+ Kf6 52. Ra6+ Kg7 53. Ra3 Rxg3+ 0-1

[Event "Titled Tuesday intern op 06th Feb Late"]
[Site "Chess.com INT"]
[Date "2024.02.06"]
[Round "11"]
[White "Kostiukov, Alexandr"]
[Black "Davalos Prieto, Abel"]
[Result "1-0"]
[WhiteElo "2271"]
[BlackElo "1985"]
[PlyCount "81"]
[EventDate "2024.02.06"]
[EventType "swiss (blitz)"]
[EventRounds "11"]
[EventCountry "USA"]
[SourceTitle "CB07_2024"]
[SourceDate "2024.02.14"]
[SourceVersion "1"]
[SourceVersionDate "2024.02.14"]
[SourceQuality "1"]

1. e4 c5 2. Nf3 Nc6 3. d4 cxd4 4. Nxd4 Nf6 5. Nc3 d6 6. Be3 Ng4 7. Bg5 h6 8. Bh4 g5 9. Bg3 Bg7 10. Nxc6 bxc6 11. Bc4 Ne5 12. Bb3 0-0 13. Qe2 a5 14. a4 Ba6 15. Qh5 Qd7 16. h4 g4 17. Bf4 Kh7 18. 0-0-0 Rab8 19. f3 Ng6 20. Bd2 Rxb3 21. cxb3 Qe6 22. fxg4 Qxb3 23. Bxh6 Bxh6+ 24. g5 Rb8 25. Qxh6+ Kg8 26. Rd2 Nf4 27. g6 Nxg6 28. h5 Ne5 29. Qg5+ Kf8 30. Qe3 Nc4 31. Qf2 Nxd2 32. Qxd2 f6 33. h6 Kf7 34. h7 Rh8 35. Qh6 Bd3 36. Qh5+ Kf8 37. Qh6+ Kf7 38. Qd2 Bc4 39. Re1 Be6 40. g4 Rxh7 41. e5 1-0